000 00348nam a22001337a 4500
003 OSt
005 20231127194930.0
008 231127b |||||||| |||| 00| 0 eng d
040 _cCO-JMCR
082 _a159.923 j33f
_bJefs
100 _aJeffers Susan
_eautor
_942957
245 _aAunque tenga miedo hàgalo igual /
_cSusan Jeffers
942 _2ddc
_cBK
999 _c30359
_d16743